000 00434nam a2200169Ia 4500
008 090711s9999 xx 000 0 und d
082 _b58603
100 _aरिक्टर कॉनराड
245 _aरान
260 _c1987
300 _a184
600 _aरिक्टर कॉनराड
630 _aरान
700 _aरिक्टर कॉनराड
730 _aरान
942 _cBOOK
999 _c335448
_d335448